Munāmadana samālocanā / (Record no. 1964)

MARC details
000 -LEADER
fixed length control field 01272cam a2200361 a 4500
001 - CONTROL NUMBER
control field 1964
003 - CONTROL NUMBER IDENTIFIER
control field OSt
005 - DATE AND TIME OF LATEST TRANSACTION
control field 20260416011404.0
008 - FIXED-LENGTH DATA ELEMENTS--GENERAL INFORMATION
fixed length control field 100802s2009 np 000 0 nepo
010 ## - LIBRARY OF CONGRESS CONTROL NUMBER
LC control number 2010309009
020 ## - INTERNATIONAL STANDARD BOOK NUMBER
International Standard Book Number 9789937509169
025 ## - OVERSEAS ACQUISITION NUMBER
Overseas acquisition number N-N-2010-309009; 13
035 ## - SYSTEM CONTROL NUMBER
System control number 16370639
037 ## - SOURCE OF ACQUISITION
Source of stock number/acquisition Library of Congress -- New Delhi Overseas Office
040 ## - CATALOGING SOURCE
Original cataloging agency DLC
Transcribing agency DLC
Modifying agency DLC
042 ## - AUTHENTICATION CODE
Authentication code lcode
-- pcc
050 00 - LIBRARY OF CONGRESS CALL NUMBER
Classification number PK2598.D37
Item number M8375 2009
245 00 - TITLE STATEMENT
Title Munāmadana samālocanā /
Statement of responsibility, etc. [sampādaka] Śailenduprakāśa Nepāla.
246 1# - VARYING FORM OF TITLE
Display text Title on t.p. verso:
Title proper/short title Munamadan samalochana
260 ## - PUBLICATION, DISTRIBUTION, ETC.
Place of publication, distribution, etc. Kāṭhamāḍauṃ :
Name of publisher, distributor, etc. Mahākavi Devakoṭā Śatābdī Mahotsava,
Date of publication, distribution, etc. 2009.
300 ## - PHYSICAL DESCRIPTION
Extent 531 p. ;
Dimensions 23 cm.
336 ## - CONTENT TYPE
Content type term text
Content type code txt
Source rdacontent
337 ## - MEDIA TYPE
Media type term unmediated
Media type code n
Source rdamedia
338 ## - CARRIER TYPE
Carrier type term volume
Carrier type code nc
Source rdacarrier
520 ## - SUMMARY, ETC.
Summary, etc. Contributed articles on Munāmadana, poems by Laxmi Prasad Devkota, 1908-1959, Nepali poet.
546 ## - LANGUAGE NOTE
Language note In Nepali.
600 10 - SUBJECT ADDED ENTRY--PERSONAL NAME
Personal name Devkota, Laxmi Prasad,
Dates associated with a name 1908-1959.
Title of a work Munāmadana.
700 1# - ADDED ENTRY--PERSONAL NAME
Personal name Nepāla, Śailenduprakāśa,
Dates associated with a name 1961-
906 ## - LOCAL DATA ELEMENT F, LDF (RLIN)
a 7
b cbc
c origode
d 3
e ncip
f 20
g y-gencatlg
942 ## - ADDED ENTRY ELEMENTS (KOHA)
Source of classification or shelving scheme Dewey Decimal Classification
Koha item type Books
Suppress in OPAC No
Holdings
Withdrawn status Lost status Source of classification or shelving scheme Damaged status Not for loan Home library Current library Date acquired Total checkouts Date last seen Price effective from Koha item type Barcode
    Dewey Decimal Classification     Centerville Centerville 16/04/2026   16/04/2026 16/04/2026 Books  
    Dewey Decimal Classification     Centerville Centerville 16/04/2026   16/04/2026 16/04/2026 Books CPL26040020